[Event "CRO-ch 2019"]
[Site "Bjelovar"]
[Date "2019.04.02"]
[Round "2.4"]
[White "Zelcic, Robert"]
[Black "Martinovic, Sasa"]
[Result "1/2-1/2"]
[WhiteElo "2520"]
[BlackElo "2555"]
[Annotator "TA"]
[PlyCount "112"]
[EventDate "2019.04.01"]
[EventType "tourn"]
[EventCountry "CRO"]
[SourceTitle "playchess.com"]
[Source "ChessBase"]
[SourceQuality "1"]

{[%evp 17,112,-25,20,-12,22,-55,-46,-68,-69,-83,-78,-96,-104,-101,-94,-95,-95,-108,-97,-109,-105,-104,-115,-108,-107,-115,-115,-104,-70,-77,-77,-232,-222,-224,-220,-222,-228,-212,-216,-232,-237,-232,-232,-232,-232,-238,-246,-246,-246,-287,-229,-229,-72,-88,-72,-72,-19,-72,-72,-98,-19,-22,-22,-22,-31,-59,-52,-52,-64,-67,-77,-232,0,0,0,0,0,0,0,0,0,0,0,0,0,0,0,0,0,0,0,0,0,0,0,0,0]} 1. e4 c5 2. Nf3 Nc6 3. d4 cxd4 4. Nxd4 Nf6 5. Nc3 d6 6. Be2 e5 7. Nb3 Be7 8. O-O O-O 9. Bg5 a5 10. Nd2 {B59: Classical Sicilian: 6 Be2 e5 7 Nb3} (10. Bxf6 Bxf6 11. a3 Be6 12. Bb5 Bg5 13. Qd3 Rc8 14. Rad1 Na7 15. Nd2 Bxd2 16. Rxd2 Nxb5 17. Qxb5 Bc4 18. Qxb7 Bxf1 19. Kxf1 {0-1 (42) Shukuraliev,A (2376)-Salem,A (2518) Guangzhou 2010}) 10... Be6 11. Bc4 $146 ({White should play} 11. Nf3 $11) ({Predecessor:} 11. Bxf6 Bxf6 12. Nc4 Nd4 13. Bd3 Bg5 14. Nd5 b5 15. Nce3 Rb8 16. c3 Nc6 17. Qe2 Bxe3 18. Nxe3 Qb6 19. Kh1 Ne7 20. Qf3 {½-½ (20) Hansen,P (2056)-Blazquez,D (2178) London 2011}) 11... Nxe4 $15 12. Bxe7 {Black is slightly better.} Nxc3 13. Bxd8 Nxd1 14. Bc7 Nxb2 15. Bxe6 fxe6 16. Rab1 Na4 17. Bxd6 Rf4 $1 {[%cal Rf4d4]} 18. f3 Nc3 $1 19. Rb3 Rd4 {[%mdl 64] Double Attack} ({Don't take} 19... Nxa2 20. Ne4 $11) 20. Rxc3 {And now Ne4 would win.} Rxd2 ({Much worse is} 20... Rxd6 $6 21. Ne4 $11) 21. Bc7 Nd4 $1 {[%cal Rd4e2]} 22. Rd3 Rxc2 23. Bxe5 Nc6 $36 {[%mdl 2048] White is under strong pressure.} 24. Bc3 $2 (24. Re1 $17) 24... Nb4 $19 25. Bxb4 axb4 26. Ra1 Raxa2 27. Rxa2 Rxa2 {[%mdl 4096] Endgame KR-KR} 28. Rd8+ Kf7 29. Rd7+ Kf6 30. Rxb7 Rb2 31. h4 b3 32. Kh2 h5 33. Rb5 g6 34. Kg3 Ke7 $2 (34... e5 $1 $19 35. Rb4 Rb1) 35. Rb6 Kd7 {Threatens to win with ...e5.} 36. Kf4 Kc7 ({Black should try} 36... Rxg2 $17 {aiming for ...b2.} 37. Rxb3 Ke7) 37. Rb4 (37. Rb5 $1 $11) 37... Kd6 $17 38. g3 {[#]} Kc5 (38... e5+ $1 $17 39. Ke4 Kc5) 39. Rb8 $11 Kc4 40. Rc8+ Kd3 41. Rd8+ Kc3 42. Rc8+ $1 Kd2 $1 43. Rb8 $1 Rb1 {Hoping for ...Kc3.} 44. Rb6 $2 {[#]} (44. Kg5 $17) 44... b2 $2 (44... Kc3 $1 $19 {...Re1 is the strong threat.} 45. Rc6+ Kd4 46. Rxe6 Rc1) 45. Kg5 {The position is equal.} Kc3 46. Rc6+ $1 Kd4 47. Rb6 Kc3 48. Rc6+ $1 Kd4 49. Rb6 Rg1 50. Rxb2 Rxg3+ {[%mdl 64] Double Attack} 51. Kf4 Rh3 {White must now prevent ...e5+.} 52. Rd2+ Kc5 53. Kg5 Rxf3 {Strongly threatening ...e5.} 54. Kxg6 Rf5 55. Rd8 Rd5 56. Rh8 Kd6 {Accuracy: White = 55%, Black = 61%.} 1/2-1/2

[Event "CRO-ch 2019"]
[Site "Bjelovar"]
[Date "2019.04.02"]
[Round "2.5"]
[White "Kurajica, Bojan"]
[Black "Kovacevic, Blazimir"]
[Result "0-1"]
[WhiteElo "2522"]
[BlackElo "2475"]
[Annotator "TA"]
[PlyCount "68"]
[EventDate "2019.04.01"]
[EventType "tourn"]
[EventCountry "CRO"]
[SourceTitle "playchess.com"]
[Source "ChessBase"]
[SourceQuality "1"]

{[%evp 11,68,-22,3,-8,-5,-122,-121,-133,-134,-113,-111,-139,-128,-145,-122,-102,-92,-113,-41,-262,-263,-266,-264,-282,-283,-248,-264,-254,-257,-270,-235,-268,-262,-260,-216,-329,-318,-325,-243,-245,-243,-236,-233,-236,-235,-292,-322,-354,-354,-345,-303,-266,-253,-241,-237,-243,-244,-5417,-5397]} 1. Nf3 d5 2. d4 Nf6 3. c4 e6 4. Nbd2 (4. Nc3 dxc4 5. e4 Bb4 6. Bxc4 Nxe4 7. O-O Nf6 8. Qa4+ Nc6 9. Ne5 Rb8 10. d5 exd5 11. Nxd5 Nxd5 12. Nxc6 bxc6 13. Qxc6+ Qd7 14. Qxd5 {½-½ (31) Mamedyarov,S (2817)-Caruana,F (2832) Germany 2019}) 4... c5 5. cxd5 exd5 6. g3 {D30: Queen's Gambit Declined: Systems without Nc3} Nc6 {LiveBook: 3 Games} 7. Bg2 c4 {[%cal Bc5c4,Bc4c3][%mdl 32]} 8. b3 $146 (8. O-O $11 {keeps the balance.}) ({Predecessor:} 8. O-O Be7 9. b3 cxb3 10. Qxb3 O-O 11. Ba3 b6 12. Bxe7 Qxe7 {0-1 (39) Grajales,R (2057)-Espinoza Palomino,W (2324) Dosquebrad 2013}) 8... c3 $17 9. Nb1 {[#]} Qa5 $1 10. O-O Bf5 11. Ne1 Rc8 12. a3 Be7 13. Be3 O-O $36 {[%mdl 2048] Black is really pushing.} 14. Qc1 Qb5 (14... Nb8 $17 {...c2 is the strong threat.} 15. Bf4 Nbd7) 15. b4 $2 ({White should try} 15. Nxc3 $15 Qxb3 16. Nd3) 15... c2 $1 $19 {[%cal Rc2b1]} (15... Qxe2 16. Nxc3 Qh5 17. Qd2 $11) 16. Nd2 a5 {[%cal Ba7a5,Ba5b4][%mdl 32]} (16... Qxe2 17. Nxc2 Nxb4 18. Qe1 $19) 17. Qb2 axb4 18. Nxc2 Bxc2 ({Weaker is} 18... Qxe2 19. axb4 Bxc2 20. Qxc2 $17) 19. Qxc2 {[#]} Nxd4 $1 {[%mdl 512]} 20. Qb2 (20. Bxd4 Rxc2) 20... Nc2 21. Rab1 Nxe3 22. fxe3 Ng4 23. axb4 (23. Bh3 {is a better defense.} Qxe2 24. Bxg4 Qxg4 25. axb4) 23... Nxe3 {Threatens to win with ...Rc2.} 24. Rf2 Nxg2 25. Rxg2 Bf6 26. Qa2 Rfe8 27. Nf3 Rc4 28. Qa5 Qc6 29. h3 Rc2 30. Rd1 d4 (30... Rexe2 31. Qa8+ Re8 {[#]} 32. Qxe8+ $1 {[%mdl 512]} Qxe8 33. Rxc2 $19) ({Resist} 30... Rcxe2 31. Qxd5 R2e3 32. Qxc6 $19) 31. Nxd4 Qd7 ({Don't do} 31... Bxd4+ 32. Rxd4 b5 33. Rd8 $17) 32. e3 Rxg2+ 33. Kxg2 Rxe3 34. Nf5 $2 (34. Qb5 Qe7 35. Qd5) 34... Re2+ {Precision: White = 41%, Black = 66%.} 0-1

[Event "CRO-ch 2019"]
[Site "Bjelovar"]
[Date "2019.04.02"]
[Round "2.6"]
[White "Brkic, Ante"]
[Black "Saric, Ante"]
[Result "1/2-1/2"]
[WhiteElo "2560"]
[BlackElo "2530"]
[Annotator "TA"]
[PlyCount "33"]
[EventDate "2019.04.01"]
[EventType "tourn"]
[EventCountry "CRO"]
[SourceTitle "playchess.com"]
[Source "ChessBase"]
[SourceQuality "1"]

{[%evp 19,33,14,17,19,22,13,12,25,35,21,26,18,27,19,17,25]} 1. e4 e6 2. d4 d5 3. Nc3 Bb4 4. exd5 exd5 5. Bd3 Nc6 6. a3 Bxc3+ 7. bxc3 Nge7 8. Qf3 Be6 9. Ne2 Qd7 10. O-O O-O 11. Nf4 {C01: French: Exchange Variation} Bf5 12. Re1 Rae8 {White should prevent ...Bg4.} 13. Bd2 Bxd3 14. cxd3 Nd8 15. h3 $146 ({Predecessor:} 15. a4 Ne6 16. h4 Nxf4 17. Bxf4 c6 18. h5 Nf5 {½-½ (51) Cijs,P (2245)-Hengl,C (2346) ICCF email 2015}) 15... c6 16. Qg4 Qxg4 17. hxg4 1/2-1/2

[Event "CRO-ch 2019"]
[Site "Bjelovar"]
[Date "2019.04.03"]
[Round "3.1"]
[White "Saric, Ante"]
[Black "Bosiocic, Marin"]
[Result "1/2-1/2"]
[WhiteElo "2530"]
[BlackElo "2613"]
[Annotator "TA"]
[PlyCount "39"]
[EventDate "2019.04.01"]
[EventType "tourn"]
[EventCountry "CRO"]
[SourceTitle "playchess.com"]
[Source "ChessBase"]
[SourceQuality "1"]

{[%evp 22,29,15,14,13,3,8,8,4,8]} 1. d4 Nf6 2. Nf3 g6 3. g3 Bg7 4. Bg2 O-O 5. c4 c6 6. O-O d5 7. cxd5 cxd5 8. Nc3 Ne4 9. Ne5 Nxc3 10. bxc3 Nc6 11. Nxc6 bxc6 12. Qa4 {The position is equal.} Qb6 {D79: Fianchetto Grünfeld: Symmetrical Variation (6 0-0 c6 7 cxd5 cxd5)} 13. Bf4 (13. Ba3 Qa6 14. Qxa6 Bxa6 15. Rfb1 Bxe2 16. Bxe7 Rfb8 17. Bd6 Rd8 18. Bc7 Rdc8 19. Bd6 Rd8 20. Bc7 Rdc8 21. Bd6 {½-½ (21) Dubov,D (2691)-Nepomniachtchi,I (2768) Satka 2018}) 13... Qa6 14. Qxa6 Bxa6 15. Rfe1 {Predecessor:} Rac8 $146 16. e3 f6 17. g4 Bc4 18. Bf1 Bxf1 19. Kxf1 c5 20. Rab1 {0-1 (39) Sebenik,M (2534)-Seyb,A (2400) Austria 2017} 1/2-1/2

[Event "CRO-ch 2019"]
[Site "Bjelovar"]
[Date "2019.04.03"]
[Round "3.2"]
[White "Kovacevic, Blazimir"]
[Black "Brkic, Ante"]
[Result "0-1"]
[WhiteElo "2475"]
[BlackElo "2560"]
[Annotator "TA"]
[PlyCount "100"]
[EventDate "2019.04.01"]
[EventType "tourn"]
[EventCountry "CRO"]
[SourceTitle "playchess.com"]
[Source "ChessBase"]
[SourceQuality "1"]

{[%evp 19,100,12,15,-18,-16,-15,-13,-11,-10,-23,0,0,0,0,0,0,0,0,0,0,0,0,0,0,0,-23,-12,-24,-12,-12,-12,-12,-12,-14,0,-25,0,0,0,0,0,0,0,0,0,0,0,0,0,-147,-142,-136,-143,-126,-86,-415,-408,-625,-629,-595,-585,-616,-628,-520,-516,-619,-631,-697,-427,-470,-419,-908,-891,-29968,-29970,-6223,-1288,-5412,-5412,-29985,-29986,-29997,-29998]} 1. Nf3 Nf6 2. g3 d5 3. Bg2 e6 4. O-O Be7 5. c4 O-O 6. d4 dxc4 7. Qc2 b6 {E05: Open Catalan: 5 Nf3 Be7} (7... a6 8. a4 Bd7 9. Qxc4 Bc6 10. Bf4 Bd6 11. Qc1 Bd5 12. Nc3 Nc6 13. Rd1 Nb4 14. Bg5 Be7 15. Nxd5 exd5 16. a5 Nc6 17. Ne5 Na7 18. Nd3 Nb5 19. Ra4 c6 20. Qc2 Re8 21. Bc1 Rc8 {½-½ (21) Fedoseev,V (2714)-Aronian,L (2765) Germany 2019}) 8. Bg5 Nd5 9. Bxe7 Qxe7 10. Nbd2 b5 {LiveBook: 8 Games} 11. Ne4 Nd7 $146 ({Predecessor:} 11... Nc6 12. b3 f5 13. Nc3 Rb8 14. bxc4 bxc4 15. Rfc1 {½-½ (26) Fantinel,T (2429)-Borgo,G (2365) Bratto 2016}) 12. b3 cxb3 13. axb3 Bb7 14. Rfc1 (14. Neg5 {seems wilder.} N7f6 15. Rfc1 h6 16. Ne4 Nxe4 17. Qxe4 a5 18. Qd3) 14... Rfc8 (14... Nb4 $5 15. Qb1 $8 Bxe4 16. Qxe4 c6 $11) 15. Nc5 Nxc5 16. Qxc5 Qxc5 17. Rxc5 c6 18. Ra5 a6 19. Ne1 Nb4 20. e3 Kf8 21. Kf1 Ke7 22. Ke2 Kd6 23. Kd2 {next e4 is good for White.} Kc7 24. Kc3 Nd5+ 25. Bxd5 exd5 26. Kd2 Rd8 27. Nd3 Rd6 28. h4 Rh6 29. b4 f6 30. Rc1 Kb6 31. Rg1 Bc8 32. Ke2 Ra7 33. f3 g5 34. hxg5 (34. Rh1 $1 $11) 34... Rh2+ $17 35. Nf2 fxg5 36. g4 Rf7 37. Rh1 $2 {[%mdl 8192] [#]} (37. Raa1 $17 {is more resistant.}) 37... Rg2 $1 $19 38. Rf1 {[#]} (38. Rha1 $142 h5 39. gxh5) 38... h5 $1 {[%mdl 512]} 39. gxh5 g4 40. fxg4 Bxg4+ 41. Ke1 Bxh5 42. Ra2 Rf3 43. Ra3 Rgg3 44. Kd2 Bg4 {aiming for ...Bh3.} 45. Nxg4 (45. Ke1 $142 Bh5 46. Rh1 Rxe3+ 47. Rxe3 Rxe3+ 48. Kd2 Re2+ 49. Kd3) 45... Rxf1 {KRR-KRN} 46. Ne5 Rg2+ 47. Kd3 Rd1+ 48. Kc3 Re2 49. Ng4 Rc1+ 50. Kd3 Rcc2 {Precision: White = 56%, Black = 83%.} 0-1

[Event "CRO-ch 2019"]
[Site "Bjelovar"]
[Date "2019.04.03"]
[Round "3.3"]
[White "Martinovic, Sasa"]
[Black "Kurajica, Bojan"]
[Result "0-1"]
[WhiteElo "2555"]
[BlackElo "2522"]
[Annotator "TA"]
[PlyCount "78"]
[EventDate "2019.04.01"]
[EventType "tourn"]
[EventCountry "CRO"]
[SourceTitle "playchess.com"]
[Source "ChessBase"]
[SourceQuality "1"]

{[%evp 10,78,21,23,36,36,37,35,38,27,18,21,71,72,68,56,66,31,60,55,28,-16,-6,-38,-8,-77,-77,-68,-68,-75,-80,-70,-79,-143,-143,-154,-182,-181,-172,-149,-157,-158,-127,-631,-165,-258,-231,-328,-267,-554,-270,-262,-275,-287,-282,-264,-256,-256,-255,-309,-304,-291,-268,-326,-345,-486,-332,-318,-328,-557,-545]} 1. d4 Nf6 2. c4 e6 3. Nc3 Bb4 4. Qc2 d6 5. Nf3 Nbd7 6. Bd2 b6 {E32: Nimzo-Indian: Classical (4 Qc2): 4...0-0} (6... e5 7. dxe5 dxe5 8. O-O-O c6 9. h3 Qe7 10. g4 Nc5 11. e3 a5 12. a3 O-O 13. Kb1 b5 14. Be1 Bxc3 15. Bxc3 {0-1 (31) Saduakassova,D (2495)-Rapport,R (2719) Abu Dhabi 2018}) 7. e4 Bb7 8. Bd3 e5 {White is slightly better.} 9. a3 Bxc3 10. Bxc3 {[%cal Rd4e5]} Qe7 {Black wants to play ...Nxe4!} 11. O-O $1 O-O 12. Rfe1 Nh5 13. b4 $146 ({Predecessor:} 13. d5 g6 14. b4 c5 15. b5 a6 16. a4 a5 17. Bd2 f6 18. Bf1 {½-½ (18) Kovaleva,E (2029)-Stetsko,L (2245) Minsk 2014}) 13... Nf4 14. Bf1 f5 15. d5 fxe4 16. Qxe4 Qf7 17. Nd2 (17. a4 $11 {keeps the balance.}) 17... b5 $1 $17 18. cxb5 Bxd5 19. Qe3 $1 Nf6 $1 {[%cal Rf6g4] Strongly threatening ...Ng4.} 20. f3 Qg6 21. Rac1 {[#]} (21. Kh1 $142) 21... h5 $1 22. a4 h4 23. Kh1 {[#]} h3 $1 {[%mdl 512]} 24. gxh3 Qh5 25. Ne4 Nxh3 26. Rc2 $2 {[%mdl 8192]} (26. Bxh3 $17 Qxh3 27. Bd2) 26... Nf4 $2 (26... Nxe4 27. fxe4 Rf3 28. exd5 Rxe3 29. Rxe3 Qd1) 27. Bb2 {[#]} (27. Rd2 {was necessary.} Be6 28. Rc1) 27... Rf7 $1 $19 28. Bc4 (28. Rd2 {was called for.} Be6 29. Rf2) 28... Raf8 ({Not} 28... Bxc4 29. Nxf6+ Rxf6 30. Rxc4 $19) 29. Rg1 $2 (29. Bxd5 N4xd5 30. Qb3) 29... Nxe4 (29... Bxc4 $142 30. Ng3 N4d5 {[%mdl 64] Double Attack}) 30. Bxd5 Nxd5 31. Qxe4 Qxf3+ 32. Qxf3 Rxf3 33. Bc1 R8f7 34. Bd2 e4 35. Be1 Rd3 36. Rc4 e3 37. Bh4 (37. Re4 {might work better.}) 37... Rf4 38. Rxf4 Nxf4 39. Bg5 $2 (39. Bg3 {is a better defense.} Ne6 40. Rc1) 39... Nh3 {Accuracy: White = 36%, Black = 68%.} 0-1

[Event "CRO-ch 2019"]
[Site "Bjelovar"]
[Date "2019.04.03"]
[Round "3.4"]
[White "Jovanovic, Zoran"]
[Black "Zelcic, Robert"]
[Result "1/2-1/2"]
[WhiteElo "2511"]
[BlackElo "2520"]
[Annotator "TA"]
[PlyCount "95"]
[EventDate "2019.04.01"]
[EventType "tourn"]
[EventCountry "CRO"]
[SourceTitle "playchess.com"]
[Source "ChessBase"]
[SourceQuality "1"]

{[%evp 13,95,7,18,14,35,33,33,29,44,29,48,35,34,34,33,33,29,29,41,34,110,100,115,112,118,120,114,97,104,93,104,104,126,129,114,114,136,88,94,88,84,84,82,89,87,22,24,13,21,15,21,18,26,13,17,12,62,0,0,0,21,21,21,21,21,21,21,13,21,0,13,13,13,13,21,13,21,0,0,0,8,8,8,0]} 1. e4 c6 2. Nc3 d5 3. Nf3 Bg4 4. h3 Bxf3 5. Qxf3 Nf6 6. g3 e6 7. Bg2 Bb4 (7... Bc5 {is more complex.} 8. O-O O-O 9. Re1 Qc7 10. d3 Nbd7) 8. O-O {B11: Caro-Kann: Two Knights Variation} (8. e5 Nfd7 9. Qg4 Bf8 10. d4 c5 11. dxc5 Nc6 12. Bf4 h5 13. Qe2 g5 14. Be3 Bxc5 15. Bxc5 Nxc5 {0-1 (41) Balashov,Y (2470)-Dreev,A (2670) Tula 2019}) 8... Bxc3 (8... Nbd7 {keeps more tension.} 9. exd5 cxd5 10. Ne2 Qc7 11. c3 Ne5) 9. Qxc3 dxe4 10. b3 {White is slightly better.} Nbd7 11. Bb2 Qe7 $146 ({Predecessor:} 11... Qb6 12. Rae1 O-O-O 13. Bxe4 Nxe4 14. Rxe4 Nf6 15. Rc4 h5 {½-½ (31) Nelis,J (2240)-Lalic,S (2375) Val Thorens 1994}) 12. Rfe1 Qc5 13. Bxe4 Nxe4 14. Rxe4 Qxc3 15. Bxc3 Rg8 16. Rae1 O-O-O (16... Ke7 $14) 17. Rf4 $16 Rdf8 18. Bb4 g5 {[#]} 19. Rf3 $1 c5 {[#]} 20. Bxc5 $1 {[%mdl 512]} Nxc5 21. Rc3 b6 {Strongly threatening ...Kd7.} 22. d4 Kb7 {Threatens to win with ...Na6.} 23. dxc5 {[%mdl 4096] Endgame KRR-KRR} Rc8 24. Re5 Rc6 25. b4 {[%cal Bb3b4,Bb4b5,Bb5c6][%mdl 32]} f6 26. b5 fxe5 27. bxc6+ {KR-KR} Kc7 28. cxb6+ axb6 29. Kg2 ({Better is} 29. Re3 $16) 29... Ra8 $11 30. a3 Ra4 31. Kf3 h5 32. Ke2 e4 33. Ke3 e5 34. Kd2 Rd4+ 35. Kc1 (35. Ke2 $14) 35... Rd6 {The position is equal.} 36. Re3 Rf6 37. Rxe4 Rxf2 38. Rxe5 Rh2 39. Rxg5 Rxh3 40. Rg6 Rh1+ 41. Kd2 h4 42. gxh4 Rxh4 43. Kc3 Rh5 44. Kb4 Re5 45. c4 Rf5 46. Re6 Rg5 47. Kc3 Ra5 48. Kb4 {Accuracy: White = 60%, Black = 61%.} 1/2-1/2

[Event "CRO-ch 2019"]
[Site "Bjelovar"]
[Date "2019.04.03"]
[Round "3.5"]
[White "Kozul, Zdenko"]
[Black "Saric, Ivan"]
[Result "1/2-1/2"]
[WhiteElo "2589"]
[BlackElo "2691"]
[Annotator "TA"]
[PlyCount "85"]
[EventDate "2019.04.01"]
[EventType "tourn"]
[EventCountry "CRO"]
[SourceTitle "playchess.com"]
[Source "ChessBase"]
[SourceQuality "1"]

{[%evp 17,85,0,0,-4,0,0,29,35,37,38,44,44,134,134,135,129,214,198,230,129,169,133,264,263,235,144,142,18,12,18,26,0,19,18,26,20,20,21,20,19,32,8,8,9,37,37,39,8,59,59,59,59,59,59,59,59,59,59,59,59,52,0,0,0,0,0,0,0,0,0]} 1. d4 Nf6 2. c4 e6 3. Nf3 d5 4. e3 b6 5. Nc3 Bb7 6. cxd5 exd5 7. Bb5+ c6 8. Bd3 Be7 9. O-O O-O 10. b3 {E14: Queen's Indian: Classical Variation (4 e3)} Nbd7 11. Bb2 Re8 12. Ne5 {White has an edge.} Nxe5 $146 ({Predecessor:} 12... Bd6 13. f4 c5 14. Qf3 cxd4 15. exd4 Bb4 16. Ne2 Ne4 17. a3 Bf8 {½-½ (60) Kramnik,V (2787)-Aronian,L (2830) Khanty-Mansiysk 2014}) 13. dxe5 Nd7 $1 {[%cal Rd7e5]} 14. f4 $1 ({Weaker is} 14. Qh5 g6 $17) 14... Nf8 (14... Bf8 $14) 15. Qf3 $16 a5 16. Rac1 b5 (16... Ba6 $16 17. Bxa6 Rxa6) 17. Ne2 $18 a4 {[#]} 18. Nd4 (18. f5 $1 $18) 18... axb3 19. axb3 Ba3 (19... Ra2 $16 {was called for.}) 20. Bxa3 ({But not} 20. Nxc6 $6 Bxc6 21. Bxa3 Rxa3 $16) 20... Rxa3 21. Bf5 ({Don't do} 21. Nxc6 $6 Bxc6 22. Rxc6 Rxb3) 21... b4 22. Nxc6 ({Better is} 22. Qg3 $16) 22... Bxc6 $11 23. Rxc6 {Black must now prevent Rc8.} Rxb3 24. Rd6 Qa8 25. Qxd5 Qxd5 26. Rxd5 Rxe3 27. Rb5 g6 28. Bh3 b3 29. Rf3 Rxf3 30. gxf3 Ne6 31. Bxe6 $1 Rxe6 $14 {[%mdl 4096] Endgame KR-KR} 32. Kf2 Ra6 (32... f6 $11) 33. Rxb3 Ra2+ 34. Kg3 Re2 35. Rb8+ Kg7 36. Re8 Re1 37. h4 Rg1+ 38. Kh2 Ra1 39. h5 (39. Rc8 $14) 39... gxh5 $11 {The position is equal.} 40. f5 Ra4 41. Rb8 h4 42. Kg1 Rf4 43. e6 {Accuracy: White = 61%, Black = 45%.} 1/2-1/2

[Event "CRO-ch 2019"]
[Site "Bjelovar"]
[Date "2019.04.03"]
[Round "3.6"]
[White "Jovanic, Ognjen"]
[Black "Stevic, Hrvoje"]
[Result "1/2-1/2"]
[WhiteElo "2515"]
[BlackElo "2586"]
[Annotator "TA"]
[PlyCount "40"]
[EventDate "2019.04.01"]
[EventType "tourn"]
[EventCountry "CRO"]
[SourceTitle "playchess.com"]
[Source "ChessBase"]
[SourceQuality "1"]

{[%evp 16,40,45,43,45,45,49,0,7,0,0,0,0,0,0,0,0,0,0,0,0,0,0,0,0,0,0]} 1. d4 Nf6 2. Nf3 g6 3. c4 Bg7 4. Nc3 O-O 5. e4 d6 6. Be2 e5 7. O-O Na6 8. Re1 c6 9. Be3 Re8 {E94: King's Indian: Classical: 6 Be2 e5 7 0-0: Various Black 7th moves} (9... exd4 10. Nxd4 Re8 11. f3 Nc5 12. Bf1 a5 13. Qd2 Qe7 14. Rad1 Nfd7 15. Nde2 Be5 16. Ng3 a4 17. Bg5 Qf8 18. Bh6 Qe7 19. Bg5 Qf8 20. Bh6 Qe7 {0-1 (74) Jakovenko,D (2747)-Nenezic,M (2495) Batumi 2018}) 10. d5 Ng4 11. Bg5 Qb6 {The position is equal.} 12. Rf1 Qxb2 13. Na4 Qb4 14. Bd2 {[#]} Qa3 $146 15. Bc1 $36 {[%mdl 2048] White is more active.} Qb4 16. Bd2 Qa3 17. h3 Nf6 18. Bc1 $1 {[%cal Rc1a3]} Qb4 {[#] White must now prevent ...b5.} 19. Bd2 Qa3 20. Bc1 $1 {[%cal Rc1a3]} Qb4 1/2-1/2